header

Process improvement using Six Sigma : (Record no. 75939)

MARC details
000 -LEADER
fixed length control field 01649nam a2200385 i 4500
001 - CONTROL NUMBER
control field ebr10929597
003 - CONTROL NUMBER IDENTIFIER
control field CaPaEBR
006 - FIXED-LENGTH DATA ELEMENTS--ADDITIONAL MATERIAL CHARACTERISTICS--GENERAL INFORMATION
fixed length control field m o d
007 - PHYSICAL DESCRIPTION FIXED FIELD--GENERAL INFORMATION
fixed length control field cr cn|||||||||
008 - FIXED-LENGTH DATA ELEMENTS--GENERAL INFORMATION
fixed length control field 081229s2009 wiua o 001 0 eng|d
020 ## - INTERNATIONAL STANDARD BOOK NUMBER
Cancelled/invalid ISBN 9780873897525 (soft cover : alk. paper)
International Standard Book Number 9780873897525 (e-book)
040 ## - CATALOGING SOURCE
Original cataloging agency CaPaEBR
Language of cataloging eng
Description conventions rda
-- pn
Transcribing agency CaPaEBR
035 ## - SYSTEM CONTROL NUMBER
System control number (OCoLC)893681492
050 14 - LIBRARY OF CONGRESS CALL NUMBER
Classification number HD62.15
Item number .S477 2009eb
082 04 - DEWEY DECIMAL CLASSIFICATION NUMBER
Classification number 658.4/013
Edition number 22
100 1# - MAIN ENTRY--PERSONAL NAME
Personal name Shankar, Rama,
Dates associated with a name 1956-
Relator term author.
245 10 - TITLE STATEMENT
Title Process improvement using Six Sigma :
Remainder of title a DMAIC guide /
Statement of responsibility, etc Rama Shankar.
264 #1 - PRODUCTION, PUBLICATION, DISTRIBUTION, MANUFACTURE, AND COPYRIGHT NOTICE
Place of production, publication, distribution, manufacture Milwaukee, Wisconsin :
Name of producer, publisher, distributor, manufacturer ASQ Quality Press,
Date of production, publication, distribution, manufacture, or copyright notice 2009.
300 ## - PHYSICAL DESCRIPTION
Extent 1 online resource (128 pages) :
Other physical details illustrations
336 ## - CONTENT TYPE
Content type term text
Source rdacontent
337 ## - MEDIA TYPE
Media type term computer
Source rdamedia
338 ## - CARRIER TYPE
Carrier type term online resource
Source rdacarrier
500 ## - GENERAL NOTE
General note Includes index.
588 ## - SOURCE OF DESCRIPTION NOTE
Source of description note Description based on print version record.
590 ## - LOCAL NOTE (RLIN)
Local note Electronic reproduction. Palo Alto, Calif. : ebrary, 2014. Available via World Wide Web. Access may be limited to ebrary affiliated libraries.
650 #0 - SUBJECT ADDED ENTRY--TOPICAL TERM
Topical term or geographic name as entry element Six sigma (Quality control standard)
Topical term or geographic name as entry element Total quality management.
Topical term or geographic name as entry element Process control.
Topical term or geographic name as entry element Reengineering (Management)
655 #0 - INDEX TERM--GENRE/FORM
Genre/form data or focus term Electronic books.
776 08 - ADDITIONAL PHYSICAL FORM ENTRY
Display text Print version:
Main entry heading Shankar, Rama.
Title Process improvement using Six Sigma : a DMAIC guide.
Place, publisher, and date of publication Milwaukee, Wisconsin : ASQ Quality Press, 2009
Physical description xviii, 110 pages ; 23 cm
International Standard Book Number 9780873897525
Record control number (DLC)10929597
797 2# - LOCAL ADDED ENTRY--CORPORATE NAME (RLIN)
Corporate name or jurisdiction name as entry element ebrary.
856 40 - ELECTRONIC LOCATION AND ACCESS
Uniform Resource Identifier <a href="http://site.ebrary.com/lib/rucke/Doc?id=10929597">http://site.ebrary.com/lib/rucke/Doc?id=10929597</a>
Public note An electronic book accessible through the World Wide Web; click to view

No items available.

© 2026 Rongo University
Contact us: librarian | system librarian | Rongo university